000 00842nam a22002657a 4500
005 20250819120337.0
008 250222b |||||||| |||| 00| 0 eng d
020 _a9798890107923
040 _beng
_cURS
_dURUS
_erda
100 1 _aWells, Neil
_eauthor
245 1 0 _aAdvertising and sales promotions /
_cNeil Wells
264 1 _aCalifornia :
_bTritech Digital Media,
_c2024
300 _a1 online resource
336 _2rdacontent
_atext
_btxt
337 _2rdamedia
_acomputer
_bc
338 _2rdacarrier
_aonline resource
_bcr
500 _aTitle from publisher's website
504 _aIncludes bibliographical references
650 0 _aAdvertising
650 0 _aSales promotion
650 0 _aMarketing
710 _aTritech Digital Media
856 _uhttps://tdmebooks.com/book-detail.php?book_id=OTIzOQ==
942 _2lcc
_cE-BOOK
999 _c84120
_d84118